Science by Picture - C - Statistics

General Stats
  • This quiz has been taken 1,428 times
  • The average score is 11 of 18
Answer Stats
Picture Hint Answer % Correct
plant Cactus
98%
shape Cone
95%
celestial object Comet
92%
acid {Citric} Acid
84%
reptile Chameleon
83%
scientist Marie Curie
81%
field of study Cardiology
73%
habitat Coral Reef
73%
layer of the earth Crust
71%
measuring tool Compass
70%
internal structure Chromosome
67%
type of cloud Cumulus
55%
family of mammals Canine
48%
gas Carbon Dioxide
47%
category of trees Coniferous
29%
hardware Circuitboard
27%
meteorological phenomenon {Coriolis} Effect
22%
constellation Cassiopeia
12%
No matching quizzes found
Score Distribution
Percent of People with Each Score
Percentile by Number Answered
Your Score History
You have not taken this quiz